• 首页
  • 本馆介绍
  • 公告通知
  • 最新文献
  • 馆藏检索
  • 电子资源
  • 读者导购
  • 参考咨询
  • 我的图书馆
  • 登录
  • 详细信息显示
  • 放入我的书架
  • 预约/预借图书
  • 作者相关作品
  • 分类相关作品
  • 丛书相关作品
  • 出版社相关作品

书目信息

  • 表格格式
  • 工作单格式
  • 卡片格式
题名:
未来的加速器
    
 
作者: 萨兰采夫 著 ;朱世靖 , 黄高年 译
分册:  
出版信息: 北京   科学出版社  1984.9
页数: 50页
开本: 21cm
丛书名:
单 册:
中图分类: TL5-49
科图分类:
主题词: 加速器
电子资源:
ISBN:
000 00586nam0 2200205 45
001 0181013457
005 20060518165155.40
010    @dCNY0.36
100    @a20810111d km y0chiy0120 ea
101 0  @achi
200 1  @a未来的加速器@Awei lai de jia su qi@f(苏)В·П·萨兰采夫著@F(su)В·П·sa lan cai fu zhu@g黄高年,朱世靖译
210    @a北京@c科学出版社@d1984.9
215    @a50页@d21cm
606 0  @a加速器
690    @aTL5-49
701 0  @a萨兰采夫@Asa lan cai fu@4著
702 0  @a朱世靖@4译
702 0  @a黄高年@4译
801    @aCN@bTSTC@c20060518
905    @dTL5-49@e9@f5@b117585-89
    
    未来的加速器/(苏)В·П·萨兰采夫著/黄高年,朱世靖译.-北京:科学出版社,1984.9
    50页;21cm
    
    
    ISBN :CNY0.36
    
●
相关链接 在E读中查询图书 在五车中查询图书 在当当中查询图书 在豆瓣中查询图书


正题名:未来的加速器     索取号:TL5-49/9         预约/预借

序号 登录号 条形码 馆藏地/架位号 状态 备注
1 0117585   202364011   密集书库/ [索取号:TL5-49/9] 在馆    
2 0117586   202364093   密集书库/ [索取号:TL5-49/9] 在馆    
3 0117587   202364084   密集书库/ [索取号:TL5-49/9] 在馆    
4 0117588   202364057   密集书库/ [索取号:TL5-49/9] 在馆    
5 0117589   202364048   密集书库/ [索取号:TL5-49/9] 在馆    
唐山师范学院图书馆 欢迎您!
大连网信软件有限公司© 版权所有